| Tag |
First Indicator |
Second Indicator |
Subfields |
| LEADER |
00000cam a2200000 a 4500 |
| 001 |
in00001069679 |
| 005 |
20150929101537.0 |
| 008 |
910529s1990 stka b 000 0 eng d |
| 020 |
|
|
|a 0080409318
|
| 035 |
|
|
|a (OCoLC)23852039
|
| 035 |
|
|
|9 AFP1982AM
|
| 040 |
|
|
|a COD
|c COD
|d TXA
|d UtOrBLW
|
| 043 |
|
|
|a e-uk-st
|
| 049 |
|
|
|a TXAM
|
| 090 |
|
|
|a NA7745
|b .N67 1990
|
| 245 |
0 |
0 |
|a North east castles :
|b castles in the landscape of north east Scotland /
|c edited by John S. Smith.
|
| 264 |
|
1 |
|a Aberdeen :
|b Aberdeen University Press,
|c 1990.
|
| 300 |
|
|
|a ix, 126 pages :
|b illustrations ;
|c 21 cm.
|
| 336 |
|
|
|a text
|b txt
|2 rdacontent
|
| 337 |
|
|
|a unmediated
|b n
|2 rdamedia
|
| 338 |
|
|
|a volume
|b nc
|2 rdacarrier
|
| 504 |
|
|
|a Includes bibliographical references.
|
| 500 |
|
|
|a "The fifth collection of papers...based on the local history day conference organised by the Centre for Scottish Studies and the Centre for Continuing Education of the University of Aberdeen...held on 4 November, 1989."--pref.
|
| 650 |
|
0 |
|a Castles
|z Scotland.
|
| 650 |
|
0 |
|a Castles
|z Scotland
|x Conservation and restoration.
|
| 700 |
1 |
|
|a Smith, John S.
|q (John Smart),
|d 1941-
|
| 999 |
|
|
|a MARS
|
| 999 |
f |
f |
|s f81ab7a4-66a4-3da2-a065-e1e80df29e6f
|i 2ce54c4b-b863-3dba-b346-63b97329f3b5
|t 0
|
| 952 |
f |
f |
|p ric
|a Texas A&M University
|b Rellis Campus
|c Joint Library Facility
|d Remote Storage
|t 0
|e NA7745 .N67 1990
|h Library of Congress classification
|i unmediated -- volume
|m A14815659308
|
| 998 |
f |
f |
|a NA7745 .N67 1990
|t 0
|l Remote Storage
|